Geography Quiz

Random Geography or Asia Quiz

Asian Countries by Second Largest City Quiz Stats

 Plays Quiz Updated Mar 28, 2019

Support Sporcle.
Go Orange.
Score 0/48 Timer 10:00
4 Plays Today
City Country % Correct
BeijingChina
93.1%
DelhiIndia
92.6%
St. PetersburgRussia
92%
Tel AvivIsrael
89.5%
HanoiVietnam
89.2%
Abu DhabiUnited Arab Emirates
88%
AnkaraTurkey
87.9%
DamascusSyria
87.4%
ManilaPhilippines
86.9%
YokohamaJapan
86.5%
LahorePakistan
76%
MosulIraq
74.6%
TürkmenabatTurkmenistan
72.1%
JeddahSaudi Arabia
69.7%
BusanSouth Korea
64.8%
Nur-SultanKazakhstan
62.9%
ChittagongBangladesh
56.1%
AdenYemen
55.9%
SurabayaIndonesia
53.4%
MandalayMyanmar
50.4%
TripoliLebanon
49.2%
Siĕm RéabCambodia
44%
MashhadIran
43.7%
TaichungTaiwan
42.5%
City Country % Correct
Kuala BelaitBrunei
40.1%
Al-RayyanQatar
39.5%
OshKyrgyzstan
38.9%
HeratAfghanistan
37.6%
HamhŭngNorth Korea
35.5%
Johor BahruMalaysia
35.1%
SamarkandUzbekistan
32.2%
MuharraqBahrain
31.3%
BawsharOman
29.5%
PhuntsholingBhutan
28.9%
NonthaburiThailand
28.6%
PokharaNepal
27.7%
HulhumaléMaldives
27.4%
ZarqaJordan
26.9%
Khan YunisPalestine
26.3%
SavannakhetLaos
26%
KutaisiGeorgia
24.5%
ĖrdėnėtMongolia
24%
GyumriArmenia
23.8%
KhujandTajikistan
23.5%
KaduwelaSri Lanka
23.1%
GanjaAzerbaijan
22.9%
BaucauTimor-Leste
22.6%
FarwaniyaKuwait
21.9%

You're not logged in!

Compare scores with friends on all Sporcle quizzes.
OR
Log In

From the Vault

Forgettable Things

by miyomiyo1050

Unfortunately, "keys" is not an answer.
Remove Ads.
Support Sporcle.
Get the best of Sporcle when you Go Orange. This ad-free experience offers more features, more stats, and more fun while also helping to support Sporcle. Thank you for becoming a member.

Show Comments

Extras

Top Quizzes Today


Score Distribution

Your Account Isn't Verified!

In order to create a playlist on Sporcle, you need to verify the email address you used during registration. Go to your Sporcle Settings to finish the process.

Report this User

Report this user for behavior that violates our Community Guidelines.

Details: